Les 5 meilleurs CARTES multijoueur de B02 - Statistiques

Statistiques générales
  • Ce quiz a été pris 42 fois
  • Le résultat moyen est 3 sur 5
Statistiques - réponses
Localisation Carte % Correct
Eaux internationales Hijacked
89%
Etats-Unis (Nevada) Nuketown 2025
79%
Hollywood Hills (Los Angeles) Raid
71%
Kirghizistan Standoff
66%
Los Angeles Express
29%
Aucun quiz correspondant
Distribution des résultats
% des personnes avec chaque résultat
Percentile par nombre de réponses
Votre historique - résultats
Vous n’avez pas pris ce quiz